Биология с основами экологии: учебник

Λεπτομέρειες βιβλιογραφικής εγγραφής
Κύριος συγγραφέας: Пехов А. П. Александр Петрович
Περίληψη:В учебнике освещены основные разделы современной биологии с основами экологии. Он состоит из шести разделов. В разделе I приведены сведения о биоразнообразии, в разделе II — о сущности жизни, свойствах и организации живого, о структуре и свойствах клеток, о росте и индивидуальном развитии организмов, в разделе III — о наследственности и изменчивости организмов, о генетическом материале, о действии генов и о генетике человека, в разделе IV — об эволюции органического мира, включая происхождение человека, в разделе V — об основах экологии, включая экологию человека, в разделе VI — о генетической инженерии, биотехнологии и об их экологических проблемах, а также о методологических проблемах биологии и экологии. В заключении к учебнику даны краткие обобщения рассмотренных современных данных биологии и экологии. Учебник предназначен для студентов естественнонаучных, сельскохозяйственных, физкультурных и других направлений бакалавриата. Он также полезен для студентов-медиков, а также студентов, изучающих ветеринарную медицину.
Γλώσσα:Ρωσικά
Έκδοση: СПб., Лань, 2007
Έκδοση:7-е изд., стер.
Σειρά:Учебники для вузов. Специальная литература
Θέματα:
Μορφή: Βιβλίο
KOHA link:https://koha.lib.tpu.ru/cgi-bin/koha/opac-detail.pl?biblionumber=138141

MARC

LEADER 00000nam0a2200000 4500
001 138141
005 20231031141338.0
010 |a 9785811402199 
035 |a (RuTPU)RU\TPU\book\149692 
090 |a 138141 
100 |a 20061121d2007 m y0rusy50 ca 
101 0 |a rus 
102 |a RU 
105 |a a j 001zy 
200 1 |a Биология с основами экологии  |e учебник  |f А. П. Пехов 
205 |a 7-е изд., стер. 
210 |a СПб.  |c Лань  |d 2007 
215 |a 688 с.  |c ил. 
225 1 |a Учебники для вузов. Специальная литература 
320 |a Библиография в конце глав. 
330 |a В учебнике освещены основные разделы современной биологии с основами экологии. Он состоит из шести разделов. В разделе I приведены сведения о биоразнообразии, в разделе II — о сущности жизни, свойствах и организации живого, о структуре и свойствах клеток, о росте и индивидуальном развитии организмов, в разделе III — о наследственности и изменчивости организмов, о генетическом материале, о действии генов и о генетике человека, в разделе IV — об эволюции органического мира, включая происхождение человека, в разделе V — об основах экологии, включая экологию человека, в разделе VI — о генетической инженерии, биотехнологии и об их экологических проблемах, а также о методологических проблемах биологии и экологии. В заключении к учебнику даны краткие обобщения рассмотренных современных данных биологии и экологии. Учебник предназначен для студентов естественнонаучных, сельскохозяйственных, физкультурных и других направлений бакалавриата. Он также полезен для студентов-медиков, а также студентов, изучающих ветеринарную медицину. 
451 1 |0 (RuTPU)RU\TPU\book\114073  |y 5-8114-0219-8  |t Биология с основами экологии  |o учебник  |f А. П. Пехов  |e 6-е изд., испр.  |c СПб.  |n Лань  |d 2006  |p 688 с.  |s Учебники для вузов. Специальная литература  |a Пехов, Александр Петрович 
610 1 |a биология 
610 1 |a экология 
610 1 |a учебники 
610 1 |a биоразнообразие 
610 1 |a живой мир 
610 1 |a организмы 
610 1 |a растения 
610 1 |a животный мир 
610 1 |a вирусы 
610 1 |a живые системы 
610 1 |a клетки 
610 1 |a обмен веществ 
610 1 |a размножение 
610 1 |a рост 
610 1 |a наследственность 
610 1 |a изменчивость 
610 1 |a генетический материал 
610 1 |a генетическая информация 
610 1 |a хромосомы 
610 1 |a гены 
610 1 |a человек 
610 1 |a органический мир 
610 1 |a эволюция 
610 1 |a происхождение 
610 1 |a окружающая среда 
610 1 |a биосфера 
610 1 |a биотехнологии 
610 1 |a генная инженерия 
610 1 |a клеточная инженерия 
610 1 |a философские проблемы 
610 1 |a социальные проблемы 
610 1 |a этические проблемы 
675 |a 573(075.8)  |v 3 
675 |a 504(075.8)  |v 3 
700 1 |a Пехов  |b А. П.  |g Александр Петрович 
801 1 |a RU  |b 63413507  |c 20080521  |g PSBO 
801 2 |a RU  |b 63413507  |c 20150528  |g PSBO 
900 |a Биология с основами экологии 
900 |a Биологические основы радиационной безопасности 
900 |a Основы экологии 
900 |a Экология 
942 |c BK 
952 |a 510000 
959 |a 61/20080521  |d 5  |e 0  |f АНЛ:1  |f ЧЗТЛ:1  |f УФ:3 
959 |a 95/20090918  |d 20  |e 498,96  |f УФ:20